|
|
|
|
| LEADER |
00000nam0a2200000 4500 |
| 001 |
289553 |
| 005 |
20231102000211.0 |
| 020 |
|
|
|a RU
|b 83-48887
|
| 035 |
|
|
|a (RuTPU)RU\TPU\book\314064
|
| 090 |
|
|
|a 289553
|
| 100 |
|
|
|a 20150401d1983 k y0rusy5003 ca
|
| 101 |
0 |
|
|a rus
|
| 102 |
|
|
|a RU
|
| 105 |
|
|
|a y z 001zy
|
| 200 |
1 |
|
|a Основные задачи математической физики
|f В. А. Стеклов
|g под ред. В. С. Владимирова
|
| 205 |
|
|
|a 2-е изд.
|
| 210 |
|
|
|a Москва
|c Наука
|d 1983
|
| 215 |
|
|
|a 432 с.
|
| 320 |
|
|
|a Список работ: с. 428-432
|
| 606 |
1 |
|
|a Математическая физика
|2 stltpush
|3 (RuTPU)RU\TPU\subj\41221
|9 61028
|
| 610 |
1 |
|
|a ортогональные функции
|
| 610 |
1 |
|
|a полиномы Чебышева
|
| 610 |
1 |
|
|a теорема Вейерштрасса
|
| 610 |
1 |
|
|a дифференциальные уравнения
|
| 610 |
1 |
|
|a задачи
|
| 610 |
1 |
|
|a числа
|
| 610 |
1 |
|
|a решение
|
| 675 |
|
|
|a 53:51
|v 4
|
| 700 |
|
1 |
|a Стеклов
|b В. А.
|g Владимир Андреевич
|
| 702 |
|
1 |
|a Владимиров
|b В. С.
|4 340
|
| 801 |
|
0 |
|a RU
|b RuMRKP
|c 19950704
|g psbo
|
| 801 |
|
1 |
|a RU
|b 63413507
|c 20150401
|
| 801 |
|
2 |
|a RU
|b 63413507
|c 20170710
|g RCR
|
| 942 |
|
|
|c BK
|